[Event "PCA"]
[Site "Groningen NED"]
[Date "1993.??.??"]
[Round "5"]
[White "Topalov, Veselin"]
[Black "Yudasin, Leonid"]
[Result "1/2-1/2"]
[WhiteElo "2650"]
[BlackElo "2605"]
[EventDate "1993.12.??"]

1.e4 c6 2.d4 d5 3.exd5 cxd5 4.c4 Cf6 5.Cc3 e6 6.Cf3 Fb4 7.cxd5 Cxd5 8.Dc2 
Cc6 9.a3 Fe7 10.Fd3 Cf6 11.O-O O-O 12.Td1 Fd7 13.Ce5 a6 14.Fe3 Dc7 15.Cxd7
Dxd7 16.d5 exd5 17.Ff5 Dd6 18.Ce4 De5 19.Cxf6+ Fxf6 20.Fxh7+ Rh8 21.Fd3 
Dxb2 22.Tab1 Dxc2 23.Fxc2 d4 24.Ff4 b5 1/2-1/2

[Event "PCA"]
[Site "Groningen NED"]
[Date "1993.??.??"]
[Round "6"]
[White "Topalov, Veselin"]
[Black "Vyzmanavin, Alexey"]
[Result "1/2-1/2"]
[WhiteElo "2650"]
[BlackElo "2605"]
[EventDate "1993.12.??"]

1.e4 c6 2.d4 d5 3.exd5 cxd5 4.c4 Cf6 5.Cc3 e6 6.Cf3 Fe7 7.cxd5 Cxd5 8.Fd3 
Cc6 9.O-O O-O 10.Te1 Ff6 11.Fe4 Cce7 12.Ce5 Fd7 13.Dd3 g6 14.Fh6 Fg7 15.
Fxg7 Rxg7 16.Fxd5 exd5 17.Te2 f6 18.Cxd7 Dxd7 19.Tae1 Cc6 20.g3 Tf7 21.Ca4
b6 22.Cc3 Td8 23.Rg2 Df5 24.Td2 Dd7 25.h3 Te7 26.Txe7+ Cxe7 1/2-1/2

[Event "PCA"]
[Site "Groningen NED"]
[Date "1993.??.??"]
[Round "7"]
[White "Gurevich, Mikhail"]
[Black "Topalov, Veselin"]
[Result "0-1"]
[WhiteElo "2605"]
[BlackElo "2650"]
[EventDate "1993.12.??"]

1.d4 f5 2.Cc3 Cf6 3.Fg5 d5 4.Fxf6 exf6 5.e3 Fe6 6.Fd3 Cc6 7.Df3 Dd7 8.a3 
O-O-O 9.Cge2 g6 10.h3 h5 11.O-O-O Ce7 12.Rb1 Rb8 13.Cc1 Cc8 14.Cb3 b6 15.
The1 Te8 16.Fa6 h4 17.De2 Th7 18.Dd3 The7 19.Ca2 Cd6 20.Cb4 c6 21.f3 Ff7 
22.Dc3 Rc7 23.a4 Fh6 24.e4 fxe4 25.Fb5 Cxb5 26.axb5 exf3 27.Txe7 Txe7 28.
Dxf3 Dd6 29.Cxc6 Te3 30.Df2 Fg5 31.Ce5 Fe8 32.Cf3 Df4 33.Df1 Fd7 34.Cc1 
Ff5 35.Cd3 De4 36.Te1 Txe1+ 37.Cdxe1 Fe3 38.De2 Fg5 39.Dd1 Fh6 40.Cd3 Fd7 
41.Cf2 Df4 42.Cd3 Dg3 43.De2 Ff8 44.Cc1 g5 45.Ca2 Df4 46.Cc3 Df5 47.Ch2 
De6 48.Df3 Rd6 49.Cg4 Df5 50.Dxf5 Fxf5 51.Cxf6 Fe6 52.Rc1 Fe7 53.Cg4 Ff8 
54.b3 Fg7 55.Ce2 Fd7 56.c4 Fe6 57.Ce3 g4 58.hxg4 Fh6 59.Rd2 dxc4 60.bxc4 
Fxc4 61.Rc3 Fxe2 62.Cf5+ Re6 63.Cxh6 Rf6 64.d5 Fxb5 65.Cf5 Rg5 66.Cd6 Fa6 
67.Rd4 Rxg4 68.Re5 b5 69.Cf5 b4 70.d6 Fc8 71.Ce7 Fd7 72.Rd4 Rg3 73.Cg6 a5 
74.Ce5 Fe6 75.Re3 Fc8 0-1

[Event "PCA"]
[Site "Groningen NED"]
[Date "1993.??.??"]
[Round "8"]
[White "Dolmatov, Sergey"]
[Black "Topalov, Veselin"]
[Result "1/2-1/2"]
[WhiteElo "2630"]
[BlackElo "2650"]
[EventDate "1993.12.??"]

1.e4 c5 2.Cf3 Cc6 3.d4 cxd4 4.Cxd4 Cf6 5.Cc3 e5 6.Cdb5 d6 7.Fg5 a6 8.Ca3 
b5 9.Fxf6 gxf6 10.Cd5 Fg7 11.Fd3 Ce7 12.Cxe7 Dxe7 13.c3 f5 14.Cc2 Db7 15.
Df3 O-O 16.Ce3 f4 17.Cd5 Fe6 18.g4 b4 19.c4 Fxd5 20.cxd5 Ff6 21.g5 Fd8 22.
Ff1 Rh8 23.h4 Tc8 24.Fh3 Tc2 25.Ff5 Fb6 26.Th2 f6 27.Rf1 Fd8 28.Rg1 Tg8 
29.Rh1 Dc7 30.Tg1 Tc1 31.Tg2 Txg1+ 32.Rxg1 fxg5 33.Dh5 g4 1/2-1/2

[Event "PCA"]
[Site "Groningen NED"]
[Date "1993.??.??"]
[Round "9"]
[White "Topalov, Veselin"]
[Black "Benjamin, Joel"]
[Result "1/2-1/2"]
[WhiteElo "2650"]
[BlackElo "2620"]
[EventDate "1993.12.??"]

1.e4 c5 2.Cf3 e6 3.d4 cxd4 4.Cxd4 Cc6 5.Cc3 a6 6.Fe3 Dc7 7.Fd3 b5 8.O-O 
Fb7 9.Rh1 Cf6 10.De2 Fb4 11.a4 Fxc3 12.bxc3 Cxd4 13.cxd4 Cxe4 14.axb5 axb5
15.Txa8+ Fxa8 16.Fxb5 O-O 17.Fd3 Cc3 18.Dd2 Fe4 19.Fxe4 Cxe4 20.Dd3 d5 21.
Tc1 Db7 22.c4 dxc4 23.Dxc4 Ta8 24.h3 h6 25.Dc6 Dxc6 26.Txc6 Ta1+ 27.Rh2 
Td1 28.g4 Rh7 29.Tc7 Rg6 30.h4 Cf6 31.h5+ Rh7 32.Rh3 Rg8 33.Tc8+ Rh7 34.
Tc7 Tg1 35.f3 Td1 36.Ff2 Rg8 37.Tc8+ Rh7 38.Tf8 Td2 39.Rg3 Td3 40.Rg2 Cd5 
41.Txf7 Rg8 42.Ta7 Cf4+ 43.Rg3 Ce2+ 44.Rg2 Cf4+ 1/2-1/2

[Event "PCA"]
[Site "Groningen NED"]
[Date "1993.??.??"]
[Round "10"]
[White "Oll, Lembit"]
[Black "Topalov, Veselin"]
[Result "1-0"]
[WhiteElo "2595"]
[BlackElo "2650"]
[EventDate "1993.12.??"]

1.d4 f5 2.g3 Cf6 3.Fg2 g6 4.Cf3 Fg7 5.c4 O-O 6.Cc3 d6 7.O-O De8 8.d5 a5 9.
Ce1 Ca6 10.Cd3 Fd7 11.Te1 Df7 12.Cf4 Tab8 13.Fe3 h6 14.Fa7 Tbd8 15.Fd4 b6 
16.e4 fxe4 17.Cxe4 g5 18.Ce6 Fxe6 19.dxe6 Dg6 20.Cc3 c5 21.Fe3 Cc7 22.Tb1 
Rh8 23.Cd5 Cfxd5 24.cxd5 Cb5 25.Dg4 Cd4 26.Fe4 Df6 27.Rh1 b5 28.f4 Cf5 29.
Fd2 gxf4 30.gxf4 h5 31.Dxh5+ Dh6 32.Dg4 Ch4 33.Te2 Tg8 34.f5 Dh7 35.Dh3 
Ff6 36.Fxa5 Ta8 37.Fc3 Dh6 38.Fd2 Dh5 39.Tf2 Dg4 40.Dxg4 Txg4 41.Fd3 Txa2 
42.Fxb5 c4 43.Tf4 Txf4 44.Fxf4 Fxb2 45.Fxc4 Ta4 46.Fxd6 Txc4 47.Fxe7 Cxf5 
48.d6 Cxe7 49.d7 Td4 50.Txb2 Rg8 51.Tb8+ 1-0

[Event "PCA"]
[Site "Groningen NED"]
[Date "1993.??.??"]
[Round "11"]
[White "Topalov, Veselin"]
[Black "Tukmakov, Vladimir B"]
[Result "1-0"]
[WhiteElo "2650"]
[BlackElo "2600"]
[EventDate "1993.12.??"]

1.e4 c6 2.d4 d5 3.exd5 cxd5 4.c4 Cf6 5.Cc3 e6 6.Cf3 Fb4 7.cxd5 Cxd5 8.Dc2 
Cc6 9.a3 Fa5 10.Fd3 Cxc3 11.bxc3 Cxd4 12.Cxd4 Dxd4 13.Fb5+ Fd7 14.O-O Dd5 
15.c4 Df5 16.Fxd7+ Rxd7 17.Db2 b6 18.Td1+ Re7 19.Fe3 f6 20.c5 Thd8 21.h3 
Rf7 22.Db5 a6 23.Da4 Fc3 24.Tac1 Fb2 25.cxb6 Fxc1 26.Txc1 Rg6 27.Dh4 Td7 
28.Tc7 Tad8 29.b7 e5 30.g4 Db1+ 31.Tc1 Dxc1+ 32.Fxc1 Rf7 33.Fe3 h6 34.g5 
Txb7 1-0

[Event "It"]
[Site "Elenite"]
[Date "1994.??.??"]
[Round "1"]
[White "Topalov, Veselin"]
[Black "Vyzmanavin, Alexey"]
[Result "1-0"]
[WhiteElo "2645"]
[BlackElo "2610"]
[EventDate "1994.??.??"]

1.d4 Cf6 2.Cf3 e6 3.g3 b6 4.Fg2 Fb7 5.c4 Fe7 6.Cc3 Ce4 7.Fd2 d5 8.cxd5 
exd5 9.Ce5 O-O 10.O-O Cd7 11.Ff4 Cdf6 12.Da4 c5 13.Cxe4 dxe4 14.dxc5 Fxc5 
15.b4 Fe7 16.b5 Fc5 17.Cc6 Dd5 18.Tad1 Df5 19.Fd6 Tfe8 20.Fxc5 Dxc5 21.Tc1
Dh5 22.Dc4 Fc8 23.Tfe1 Fe6 24.Da4 h6 25.a3 Fh3 26.Dc4 Fe6 27.Db4 a6 28.
bxa6 Txa6 29.Fxe4 Cxe4 30.Dxe4 Txa3 31.Cd4 Ta2 32.Cxe6 fxe6 33.Tc7 Dd5 34.
Dg6 1-0

[Event "It"]
[Site "Elenite"]
[Date "1994.??.??"]
[Round "2"]
[White "Topalov, Veselin"]
[Black "Smirin, Ilia"]
[Result "0-1"]
[WhiteElo "2645"]
[BlackElo "2615"]
[EventDate "1994.??.??"]

1.e4 c5 2.Cf3 d6 3.d4 cxd4 4.Cxd4 Cf6 5.Cc3 Cc6 6.Fg5 Db6 7.Cb3 e6 8.Ff4 
Ce5 9.Fe3 Dc7 10.f4 Cc6 11.g4 d5 12.e5 Cd7 13.Cb5 Db8 14.g5 a6 15.C5d4 Dc7
16.Df3 Cxd4 17.Cxd4 Fb4+ 18.Rf2 Fe7 19.h4 Cc5 20.Rg1 Fd7 21.Th2 h6 22.c4 
dxc4 23.Tc2 hxg5 24.hxg5 f6 25.exf6 gxf6 26.gxf6 Fxf6 27.Txc4 Dd6 28.b4 
Ca4 29.Te1 Rf7 30.Dxb7 Cb6 31.Cf3 Cxc4 32.Fxc4 Dc6 33.Dxc6 Fxc6 34.Tf1 Fb5
35.Cg5+ Rg6 36.f5+ Rh5 37.Fxb5 axb5 38.Ce4 Fh4 39.f6 Tag8+ 40.Rh2 Tg4 41.
f7 Fe7 42.Fd4 Tf8 43.Fc5 Rg6 44.Rh3 Th4+ 45.Rg3 Txe4 0-1

[Event "It"]
[Site "Elenite"]
[Date "1994.??.??"]
[Round "3"]
[White "Khalifman, Alexander"]
[Black "Topalov, Veselin"]
[Result "1-0"]
[WhiteElo "2645"]
[BlackElo "2645"]
[EventDate "1994.??.??"]

1.Cf3 Cf6 2.c4 c5 3.Cc3 Cc6 4.g3 g6 5.Fg2 Fg7 6.O-O O-O 7.d4 cxd4 8.Cxd4 
Cg4 9.e3 d6 10.b3 a6 11.Fb2 Cxd4 12.exd4 Tb8 13.a4 Ch6 14.Cd5 Cf5 15.a5 b5
16.Cb6 bxc4 17.bxc4 Txb6 18.axb6 Dxb6 19.Tb1 Cxd4 20.Dd3 Ff5 21.Fe4 Dc6 
22.Dxd4 Fxd4 23.Fxc6 Fxb1 24.Fxd4 Fd3 25.Te1 e6 26.Ff6 Fxc4 27.Td1 d5 28.
Tb1 h6 29.h4 Rh7 30.f3 g5 31.h5 g4 32.f4 1-0

[Event "It"]
[Site "Elenite"]
[Date "1994.??.??"]
[Round "4"]
[White "Topalov, Veselin"]
[Black "Ermenkov, Evgenij"]
[Result "1-0"]
[WhiteElo "2645"]
[BlackElo "2480"]
[EventDate "1994.??.??"]

1.e4 e6 2.d4 d5 3.Cc3 Fb4 4.e5 c5 5.a3 Fa5 6.b4 cxb4 7.Cb5 Cc6 8.axb4 
Fxb4+ 9.c3 Fe7 10.Fa3 Ch6 11.Fxe7 Dxe7 12.Cd6+ Rf8 13.Fb5 f5 14.Fxc6 bxc6 
15.Da4 Fd7 16.Tb1 Cf7 17.Da3 Cd8 18.Ce2 h6 19.Cf4 Fe8 20.Cd3 Rg8 21.O-O 
Rh7 22.Tb2 Tf8 23.f4 Fh5 24.Cc5 Rg8 25.Da6 Dc7 26.Tfb1 Ff7 27.g3 De7 28.
Cdb7 Tb8 29.Dxa7 Cxb7 30.Txb7 Txb7 31.Txb7 De8 32.Cd7 Fh5 33.Cf6+ 1-0

[Event "It"]
[Site "Elenite"]
[Date "1994.??.??"]
[Round "5"]
[White "Epishin, Vladimir"]
[Black "Topalov, Veselin"]
[Result "1/2-1/2"]
[WhiteElo "2650"]
[BlackElo "2645"]
[EventDate "1994.??.??"]

1.Cf3 Cf6 2.c4 c5 3.Cc3 Cc6 4.e3 e5 5.d4 e4 6.Ce5 cxd4 7.exd4 Fb4 8.Fe2 
De7 9.Ff4 Fd6 10.Cxc6 dxc6 11.Dd2 O-O 12.Fxd6 Dxd6 13.O-O Fg4 14.Tad1 Tad8
15.h3 Fxe2 16.Dxe2 Tfe8 17.d5 a6 18.De3 cxd5 19.Cxd5 h6 20.b3 De5 21.Cxf6+
Dxf6 22.Tfe1 h5 23.c5 h4 24.b4 g6 25.a4 Txd1 26.Txd1 Db2 27.Td4 Dc2 28.a5 
Db1+ 29.Rh2 Db2 30.Dd2 Da1 31.De3 Db2 1/2-1/2

[Event "It"]
[Site "Elenite"]
[Date "1994.??.??"]
[Round "6"]
[White "Topalov, Veselin"]
[Black "Gurevich, Mikhail"]
[Result "1-0"]
[WhiteElo "2645"]
[BlackElo "2620"]
[EventDate "1994.??.??"]

1.e4 d6 2.d4 Cf6 3.Cc3 g6 4.Fe3 Fg7 5.f3 c6 6.Dd2 b5 7.h4 h5 8.a4 b4 9.Cd1
a5 10.Cf2 Fa6 11.Fxa6 Cxa6 12.Ce2 Cd7 13.O-O c5 14.Tad1 cxd4 15.Fxd4 Fxd4 
16.Cxd4 Db6 17.b3 Cac5 18.Rh1 Cf6 19.Ch3 Tc8 20.Tfe1 Ccd7 21.Cf4 Tc5 22.
Cd3 Tc8 23.Cb2 Dc5 24.Cc4 Ce5 25.Ce3 O-O 26.Df2 Cc6 27.Ce2 e6 28.Cf4 Ce5 
29.Td2 Tc6 30.Ted1 Tfc8 31.Ce2 Db6 32.Cd4 Tc3 33.Te1 T3c7 34.Cb5 Tc6 35.
Dg3 Dc5 36.Dg5 Rg7 37.Ted1 Ch7 38.Df4 g5 39.Cf5+ exf5 40.Dxf5 Cg6 41.hxg5 
Ce7 42.Dxc5 Txc5 43.Cxd6 T8c6 44.f4 Txc2 45.Ce8+ Rf8 46.Td8 Tc1 47.Cd6+ 
Rg7 48.Txc1 Txc1+ 49.Rh2 Tc6 50.e5 Tc5 51.Td7 Cg6 52.e6 Tc6 53.Cf5+ Rg8 
54.e7 Te6 55.Td8+ Chf8 56.e8=D Txe8 57.Txe8 Cxf4 58.Ta8 Cd3 59.Txa5 Ce6 
1-0

[Event "It"]
[Site "Elenite"]
[Date "1994.??.??"]
[Round "7"]
[White "Azmaiparashvili, Zurab"]
[Black "Topalov, Veselin"]
[Result "1/2-1/2"]
[WhiteElo "2625"]
[BlackElo "2645"]
[EventDate "1994.??.??"]

1.d4 Cf6 2.c4 c5 3.d5 b5 4.cxb5 a6 5.e3 g6 6.Cc3 Fg7 7.a4 O-O 8.Ta3 d6 9.
Cge2 Cbd7 10.Cf4 Ce8 11.h4 axb5 12.Cxb5 Cc7 13.h5 Cxb5 14.Fxb5 Fa6 15.hxg6
hxg6 16.Fe2 Db6 17.O-O Fxe2 18.Cxe2 Tfb8 19.Ta2 Db3 20.Ta3 Db4 21.a5 Db5 
22.Cc3 Da6 23.Dc2 Ce5 24.Ta2 Cd3 25.De2 Cb4 26.Dxa6 Txa6 27.Ta3 Tba8 28.
Cb5 Cc2 29.Td3 Txa5 30.Cc3 Cb4 31.Td2 f5 32.e4 f4 33.Tdd1 Fe5 34.Rh2 c4 
35.Rh3 Cd3 36.Rg4 Fxc3 37.bxc3 Ta1 38.Rg5 T8a2 39.Fxf4 Txd1 40.Txd1 Txf2 
41.g3 Rf7 42.Th1 Cxf4 43.gxf4 Tg2+ 44.Rh4 Te2 45.Rg4 Te3 46.e5 dxe5 47.
fxe5 Txe5 48.Tf1+ Rg7 49.Tf4 Txd5 50.Txc4 Rf6 51.Tc8 Td1 52.c4 Re5 53.c5 
Tg1+ 54.Rf3 Tf1+ 55.Re3 Rd5 56.Tc7 Te1+ 57.Rf4 e5+ 58.Rf3 Rd4 59.c6 e4+ 
60.Rf2 Tc1 61.Td7+ Re5 62.c7 Tc3 63.Te7+ 1/2-1/2

[Event "It"]
[Site "Elenite"]
[Date "1994.??.??"]
[Round "8"]
[White "Topalov, Veselin"]
[Black "Georgiev, Kiril"]
[Result "1/2-1/2"]
[WhiteElo "2645"]
[BlackElo "2615"]
[EventDate "1994.??.??"]

1.e4 c5 2.Cf3 d6 3.d4 cxd4 4.Cxd4 Cf6 5.Cc3 g6 6.Fe3 Fg7 7.f3 Cc6 8.Dd2 
O-O 9.O-O-O d5 10.exd5 Cxd5 11.Cxc6 bxc6 12.Fd4 Cxc3 13.Dxc3 Fh6+ 14.Fe3 
Fxe3+ 15.Dxe3 Db6 16.Dxe7 Fe6 17.Df6 Fxa2 18.b3 Fxb3 19.cxb3 Dxb3 20.Td3 
Db6 21.Db2 Tfe8 22.Dxb6 axb6 23.Td1 Ta1+ 24.Rc2 Ta2+ 25.Rb3 Tea8 26.Td8+ 
Txd8 27.Rxa2 Td1 28.g3 g5 29.Rb3 Td2 30.h4 1/2-1/2

[Event "It"]
[Site "Elenite"]
[Date "1994.??.??"]
[Round "9"]
[White "Greenfeld, Alon"]
[Black "Topalov, Veselin"]
[Result "0-1"]
[WhiteElo "2600"]
[BlackElo "2645"]
[EventDate "1994.??.??"]

1.d4 Cf6 2.Cf3 e6 3.c4 c5 4.e3 d5 5.Cc3 a6 6.cxd5 exd5 7.Fe2 Fd6 8.dxc5 
Fxc5 9.O-O O-O 10.b3 Cc6 11.Fb2 Fg4 12.Cd4 Fxd4 13.Fxg4 Fe5 14.Ff3 Da5 15.
De1 Dc7 16.g3 Tad8 17.Tc1 Tfe8 18.Ca4 b5 19.Fxe5 Cxe5 20.De2 Da7 21.Cc5 d4
22.exd4 Txd4 23.Tfe1 Cxf3+ 24.Dxf3 Txe1+ 25.Txe1 Dxc5 0-1

[Event "Interpolis"]
[Site "?"]
[Date "1994.??.??"]
[Round "?"]
[White "Topalov, Veselin"]
[Black "Tukmakov, Vladimir B"]
[Result "0-1"]
[WhiteElo "2640"]
[BlackElo "2565"]
[EventDate "1994.??.??"]

1.e4 c6 2.d4 d5 3.Cd2 dxe4 4.Cxe4 Cd7 5.Cg5 Cgf6 6.Fd3 e6 7.C1f3 Fd6 8.De2
h6 9.Ce4 Cxe4 10.Dxe4 Dc7 11.O-O b6 12.Dg4 g5 13.Dh3 Tf8 14.Cd2 Fb7 15.Cc4
O-O-O 16.c3 c5 17.Fe3 Ff4 18.Tfd1 Cf6 19.dxc5 bxc5 20.Ff1 Cd5 21.Fxf4 gxf4
22.Te1 f3 23.g3 Cf4 24.Dh4 Ce2+ 25.Rh1 Td5 26.Ce3 Te5 27.Dxh6 Tg5 28.Tad1 
De5 29.Dh4 Th5 30.Cc4 Dh8 31.Cd6+ Rb8 32.Cxf7 Txh4 33.Cxh8 Thxh8 0-1

[Event "GM tournament"]
[Site "Linares ESP"]
[Date "1994.??.??"]
[Round "2"]
[White "Polgar, Judit"]
[Black "Topalov, Veselin"]
[Result "1-0"]
[WhiteElo "2630"]
[BlackElo "2640"]
[EventDate "1994.02.??"]

1.d4 Cf6 2.Cf3 e6 3.Ff4 b6 4.e3 Fb7 5.Cbd2 Fe7 6.Fd3 Ch5 7.Fg3 d6 8.c3 Cd7
9.Dc2 g6 10.a4 a6 11.O-O O-O 12.h3 Cxg3 13.fxg3 c5 14.Tf2 Dc7 15.Taf1 d5 
16.g4 Tae8 17.c4 cxd4 18.exd4 e5 19.cxd5 Dxc2 20.Fxc2 exd4 21.Cxd4 Fxd5 
22.Rh1 Fc5 23.Tf4 Te3 24.C4f3 Tc8 25.Ce4 Fd6 26.Cxd6 Txc2 27.Cxf7 Te7 28.
Ch6+ Rg7 29.g5 Txb2 30.Td1 Fa2 31.Rh2 a5 32.Cd4 Cc5 33.Tf6 Te8 34.h4 Rh8 
35.Tdf1 Tb4 36.T1f4 Cxa4 37.h5 gxh5 38.Tf8+ Txf8 39.Txf8+ Rg7 40.Tf6 Txd4 
41.Cf5+ Rg8 42.Cxd4 Cc5 43.Txb6 a4 44.Rg3 Ff7 45.Tc6 Cd3 46.Ta6 Cb2 47.Rf4
Cd3+ 48.Rf5 1-0

[Event "GM tournament"]
[Site "Linares ESP"]
[Date "1994.??.??"]
[Round "6"]
[White "Kamsky, Gata"]
[Black "Topalov, Veselin"]
[Result "1/2-1/2"]
[WhiteElo "2695"]
[BlackElo "2640"]
[EventDate "1994.02.??"]

1.d4 Cf6 2.Cf3 d5 3.c4 e6 4.Cc3 c5 5.cxd5 cxd4 6.Dxd4 Cxd5 7.e4 Cxc3 8.
Dxc3 Cc6 9.Fb5 Fd7 10.O-O Db6 11.a4 Dc5 12.Fd2 Dxc3 13.Fxc3 a6 14.Fc4 Tg8 
15.Tfd1 Fb4 16.Fxb4 Cxb4 17.Ce5 Fc6 18.Fb3 Re7 19.f3 Tgd8 20.Rf2 Fe8 21.
Re2 f6 22.Cc4 b5 23.Ce3 Cc6 24.Txd8 Txd8 25.Fd1 Cd4+ 26.Re1 Tc8 27.axb5 
Fxb5 28.h4 Rd6 29.Fa4 f5 30.Fxb5 axb5 31.Td1 Re5 32.Rf2 Ta8 33.exf5 exf5 
34.g3 Ta2 35.Td2 h5 36.Cd1 b4 37.Ce3 Ta6 38.Cg2 Ce6 39.Tc2 Rd4 40.Ce3 Rd3 
41.Tc1 Rd4 42.Tc4+ Rd3 43.Txb4 Cd4 44.Tc4 Ce2 45.Tc2 f4 46.gxf4 Cxf4 47.
Tc3+ Rd2 48.Cc4+ Rd1 49.Te3 Rc2 50.Te4 Cd3+ 51.Re3 Cxb2 52.Cxb2 Rxb2 53.
Te5 g6 54.Rf4 Rc3 55.Rg5 Rd4 56.Te8 Tb6 57.Te4+ Rd3 58.Rh6 Ta6 59.Te7 Ta4 
60.Rg5 Ta6 61.Tf7 Re3 1/2-1/2

[Event "GM tournament"]
[Site "Linares ESP"]
[Date "1994.??.??"]
[Round "8"]
[White "Anand, Viswanathan"]
[Black "Topalov, Veselin"]
[Result "0-1"]
[WhiteElo "2715"]
[BlackElo "2640"]
[EventDate "1994.02.??"]

1.e4 c5 2.Cf3 d6 3.d4 cxd4 4.Cxd4 Cf6 5.Cc3 g6 6.Fe2 Fg7 7.O-O O-O 8.Fg5 
a6 9.a4 Cc6 10.Cb3 Fe6 11.Rh1 Tc8 12.f4 Ca5 13.Cxa5 Dxa5 14.Fd3 Tfe8 15.
De2 Db4 16.a5 Fg4 17.Dd2 Fd7 18.De2 Dxb2 19.Fxf6 Fxf6 20.Cd5 Fb5 21.Fxb5 
Dxb5 22.Dxb5 axb5 23.Tab1 Tc5 24.Tfd1 Rg7 25.Cb6 Txc2 26.Txb5 Te2 27.Cd5 
Txe4 28.Txb7 Ta8 29.g4 Txa5 30.g5 Fa1 31.Cxe7 Txf4 32.Cc6 Ta8 33.Txd6 Ta2 
34.Td1 Tff2 35.Cd8 Rg8 36.Tb8 h5 37.gxh6 Fe5 38.Tb7 Txh2+ 39.Rg1 Thg2+ 40.
Rh1 Th2+ 41.Rg1 Thg2+ 42.Rh1 Tg4 0-1

[Event "GM tournament"]
[Site "Linares ESP"]
[Date "1994.??.??"]
[Round "9"]
[White "Topalov, Veselin"]
[Black "Beliavsky, Alexander G"]
[Result "1-0"]
[WhiteElo "2640"]
[BlackElo "2650"]
[EventDate "1994.02.??"]

1.c4 Cf6 2.Cc3 c5 3.Cf3 d5 4.cxd5 Cxd5 5.d4 cxd4 6.Dxd4 Cxc3 7.Dxc3 Cc6 8.
e4 Fg4 9.Fb5 Tc8 10.Fe3 a6 11.Td1 Dc7 12.Fa4 b5 13.Fb3 e6 14.O-O Fxf3 15.
gxf3 Fd6 16.Dxg7 Fxh2+ 17.Rh1 Fe5 18.Dh6 De7 19.Fg5 Df8 20.Dh5 Cd4 21.Fh6 
Dd6 22.Fe3 Tc5 23.Dh3 Tg8 24.f4 Ff6 25.Tg1 Tg6 26.Txg6 hxg6 27.e5 Dc6+ 28.
Dg2 Cxb3 29.axb3 Fd8 30.Fxc5 Dxc5 31.Da8 De7 32.Rg2 a5 33.Dc6+ Rf8 34.Dc8 
Re8 35.Dc6+ Rf8 36.Td7 Dh4 37.Df3 Fb6 38.Dg3 Dh5 39.Tb7 Fd4 40.Dg5 Dxg5+ 
41.fxg5 1-0

[Event "GM tournament"]
[Site "Linares ESP"]
[Date "1994.??.??"]
[Round "10"]
[White "Lautier, Joel"]
[Black "Topalov, Veselin"]
[Result "1-0"]
[WhiteElo "2625"]
[BlackElo "2640"]
[EventDate "1994.02.??"]

1.d4 e6 2.c4 b6 3.Cc3 Fb7 4.a3 f5 5.d5 Cf6 6.g3 g6 7.Fg2 Fg7 8.e3 O-O 9.
Cge2 e5 10.O-O d6 11.e4 fxe4 12.Cxe4 Cxe4 13.Fxe4 Cd7 14.Cc3 Fc8 15.Fg2 
Cf6 16.h3 Tf7 17.Fe3 Df8 18.Dd2 a5 19.b4 Fa6 20.Cb5 Rh8 21.Tfc1 Cg8 22.Ta2
Fh6 23.Tac2 Fxe3 24.Dxe3 axb4 25.axb4 Fxb5 26.cxb5 Ta7 27.Dc3 Dg7 28.Ta1 
Txa1+ 29.Dxa1 h5 30.Dc1 Df6 31.h4 Df5 32.Rh2 Cf6 33.Fh3 Cg4+ 34.Fxg4 hxg4 
35.Rg1 Rg7 36.Dd2 g5 37.hxg5 Rg6 38.Tc4 Th7 39.Dd1 Rxg5 40.Dc1+ Rg6 41.
Txc7 Txc7 42.Dxc7 Db1+ 43.Rh2 Dxb4 44.Dxb6 Rf5 45.Da7 Dxb5 46.Dh7+ Rf6 47.
Dh6+ Rf5 48.Dxd6 De2 49.Df8+ Rg5 50.d6 Dd2 51.Dg7+ Rf5 52.Df7+ Rg5 53.d7 
Dd4 54.Dg7+ Rh5 55.Dh7+ Rg5 1-0

[Event "GM tournament"]
[Site "Linares ESP"]
[Date "1994.??.??"]
[Round "11"]
[White "Topalov, Veselin"]
[Black "Bareev, Evgeny"]
[Result "0-1"]
[WhiteElo "2640"]
[BlackElo "2685"]
[EventDate "1994.02.??"]

1.e4 e6 2.d4 d5 3.Cc3 Cf6 4.Fg5 dxe4 5.Cxe4 Fe7 6.Fxf6 Fxf6 7.c3 Cd7 8.Dc2
e5 9.dxe5 Cxe5 10.f4 Cg6 11.g3 O-O 12.Fd3 Dd5 13.a3 Cxf4 14.Cxf6+ gxf6 15.
Fxh7+ Rg7 16.De4 Te8 17.Dxe8 Ff5 18.Dxa8 De4+ 19.Rf2 Dg2+ 20.Re3 Cd5+ 21.
Rd4 Dd2+ 22.Rc5 De3+ 23.Rc4 Cb6+ 0-1

[Event "GM tournament"]
[Site "Linares ESP"]
[Date "1994.??.??"]
[Round "12"]
[White "Illescas Cordoba, Miguel"]
[Black "Topalov, Veselin"]
[Result "1/2-1/2"]
[WhiteElo "2590"]
[BlackElo "2640"]
[EventDate "1994.02.??"]

1.Cf3 Cf6 2.c4 c5 3.Cc3 d5 4.cxd5 Cxd5 5.g3 Cc6 6.Fg2 Cc7 7.d3 e5 8.O-O 
Fe7 9.Cd2 Fd7 10.Cc4 f6 11.f4 b5 12.Ce3 Tc8 13.fxe5 Cxe5 14.Cf5 O-O 15.Rh1
Te8 16.Ce4 Fc6 17.Ff4 Ff8 18.a4 a6 19.axb5 axb5 20.Tc1 Dd7 21.Fe3 Ce6 22.
Fg1 Db7 23.Ch4 Rh8 24.Cd2 Tcd8 25.Cdf3 Cxf3 26.Cxf3 Cd4 27.Fxd4 Txd4 28.
Dc2 Td6 29.Ch4 Tde6 30.Fxc6 Dxc6+ 31.e4 Dd7 32.Cg2 c4 33.dxc4 Txe4 34.cxb5
Dxb5 35.Tf2 Te2 36.Txe2 Txe2 37.Dc8 Rg8 38.Cf4 Txb2 39.De6+ Rh8 40.Dc8 Db4
41.Cg6+ 1/2-1/2

[Event "GM tournament"]
[Site "Linares ESP"]
[Date "1994.??.??"]
[Round "13"]
[White "Topalov, Veselin"]
[Black "Gelfand, Boris"]
[Result "1-0"]
[WhiteElo "2640"]
[BlackElo "2685"]
[EventDate "1994.02.??"]

1.e4 c5 2.Cf3 d6 3.d4 cxd4 4.Cxd4 Cf6 5.Cc3 a6 6.Fe3 e5 7.Cf3 Fe7 8.Fc4 
O-O 9.O-O Cc6 10.Te1 Ca5 11.Ff1 Fe6 12.Cd5 Fxd5 13.exd5 b5 14.b3 Cg4 15.
Fd2 Db6 16.h3 Cxf2 17.Fxa5 Dxa5 18.Rxf2 Db6+ 19.Rg3 f5 20.Rh2 Ff6 21.c3 b4
22.Cd2 bxc3 23.Cc4 Dc5 24.a3 a5 25.Ta2 Tab8 26.Rh1 Tb7 27.Df3 e4 28.Dxf5 
Te7 29.Dh5 Fd4 30.Dd1 Ff2 31.Tee2 Fg3 32.Te3 Dd4 33.Ta1 Fe5 34.Dc2 Ff4 35.
Txc3 Tef7 36.Fe2 Fg5 37.Td1 Df2 38.Fh5 g6 39.Dxf2 Txf2 40.Fg4 h5 41.Fe6+ 
Rh8 42.h4 Fh6 43.Te1 Tf1+ 44.Txf1 Txf1+ 45.Rh2 Te1 46.g3 e3 47.Rg2 1-0

[Event "?"]
[Site "Dos Hermanas ESP"]
[Date "1994.??.??"]
[Round "1"]
[White "Topalov, Veselin"]
[Black "Epishin, Vladimir"]
[Result "1-0"]
[WhiteElo "2640"]
[BlackElo "2675"]
[EventDate "1994.04.??"]

1.c4 e5 2.Cc3 Cf6 3.Cf3 Cc6 4.g3 Fb4 5.Cd5 Fc5 6.d3 h6 7.a3 a5 8.Fg2 d6 9.
O-O O-O 10.Cxf6+ Dxf6 11.Cd2 Dd8 12.e3 Ce7 13.Ce4 Fa7 14.Cc3 c6 15.d4 Fe6 
16.b3 f5 17.a4 Dc7 18.Fa3 Tad8 19.f4 Ff7 20.Rh1 exd4 21.exd4 Rh8 22.Ta2 
Cg8 23.Fh3 Fg6 24.Td2 Cf6 25.Dc2 Tde8 26.d5 Ce4 27.Cxe4 fxe4 28.Tdd1 Tf6 
29.Fb2 e3 30.De2 Fe4+ 31.Fg2 Tf7 32.Fxe4 Txe4 33.f5 De7 34.Tf3 Fc5 35.Fc3 
Rg8 36.Tdf1 cxd5 37.f6 gxf6 38.cxd5 Te5 39.Fxe5 Dxe5 40.Tf5 De4+ 41.Rg1 
Rg7 42.h4 Fb6 43.Rh2 Tc7 44.Txf6 Fd4 45.T6f4 Dc2 46.Tg4+ Rh7 47.Tf7+ Rh8 
48.Tf2 Dxe2 49.Txe2 Fc5 50.Te4 b5 51.Rh3 bxa4 52.bxa4 Rh7 53.Tb2 Rg6 54.
Te6+ Rg7 55.Tb5 Fd4 56.Te4 Tc4 57.Txa5 Rf6 58.Ta8 Rf5 59.Tae8 Txa4 60.T8e6
1-0

[Event "?"]
[Site "Dos Hermanas ESP"]
[Date "1994.??.??"]
[Round "2"]
[White "Topalov, Veselin"]
[Black "Rivas Pastor, Manuel"]
[Result "1-0"]
[WhiteElo "2640"]
[BlackElo "2505"]
[EventDate "1994.04.??"]

1.e4 e5 2.Cf3 d6 3.d4 Cf6 4.Cc3 Cbd7 5.Fc4 Fe7 6.O-O O-O 7.a4 a6 8.a5 exd4
9.Dxd4 b5 10.axb6 Cxb6 11.Fa2 Fb7 12.Te1 Cfd7 13.Ff4 Ff6 14.e5 dxe5 15.
Cxe5 Cxe5 16.Dxd8 Taxd8 17.Fxe5 Fxe5 18.Txe5 Tfe8 19.Tae1 Rf8 20.f3 f6 21.
Txe8+ Txe8 22.Td1 Re7 23.Ce2 f5 24.Rf2 Rf6 25.h4 g6 26.Cf4 a5 27.Td3 Te7 
28.Ta3 a4 29.Tc3 Td7 30.Tc5 h6 31.g4 fxg4 32.fxg4 g5 33.hxg5+ hxg5 34.Tf5+
Re7 35.Te5+ Rd6 36.Te6+ Rc5 37.Cd3+ Rb5 38.Te5+ Fd5 39.Txg5 c5 40.c4+ Fxc4
41.Txc5+ 1-0

[Event "?"]
[Site "Dos Hermanas ESP"]
[Date "1994.??.??"]
[Round "3"]
[White "Gelfand, Boris"]
[Black "Topalov, Veselin"]
[Result "1-0"]
[WhiteElo "2685"]
[BlackElo "2640"]
[EventDate "1994.04.??"]

1.d4 f5 2.g3 Cf6 3.Fg2 g6 4.c4 Fg7 5.Cc3 O-O 6.Cf3 d6 7.O-O Cc6 8.d5 Ca5 
9.Da4 c5 10.dxc6 bxc6 11.c5 dxc5 12.Ce5 Db6 13.Dc2 Dc7 14.Cd3 c4 15.Cc5 
Tb8 16.Fd2 Td8 17.C3a4 Cd5 18.Tad1 e5 19.e4 Cb4 20.Fxb4 Txb4 21.Txd8+ Dxd8
22.Td1 Df8 23.Dd2 Tb5 24.Dd8 Ff6 25.Dc7 Fe7 26.Fh3 Rg7 27.exf5 gxf5 28.
Dxe5+ Rg6 29.Dc7 a6 30.Cd7 Fxd7 31.Dxd7 Df6 32.Te1 Tb7 33.Dc8 Rg7 34.Fxf5 
Dd4 35.Fb1 Fb4 36.Tf1 Tf7 37.Dh3 h6 38.Dh5 Tf6 39.Cc3 Fxc3 40.bxc3 Dxc3 
41.Td1 Df3 42.Td7+ Rf8 43.Td8+ Rg7 44.Td7+ Rf8 45.Dc5+ Rg8 46.Fh7+ Rh8 47.
Da7 Tf8 48.Fc2 1-0

[Event "?"]
[Site "Dos Hermanas ESP"]
[Date "1994.??.??"]
[Round "4"]
[White "Topalov, Veselin"]
[Black "Morovic Fernandez, Ivan"]
[Result "1/2-1/2"]
[WhiteElo "2640"]
[BlackElo "2605"]
[EventDate "1994.04.??"]

1.e4 e5 2.Cf3 Cc6 3.Fb5 a6 4.Fa4 Cf6 5.O-O Fe7 6.Te1 b5 7.Fb3 d6 8.c3 O-O 
9.d3 Ca5 10.Fc2 c5 11.Cbd2 Cc6 12.Cf1 Te8 13.h3 Dc7 14.Ce3 Ff8 15.a4 Tb8 
16.Ch2 Fe6 17.Chg4 Cxg4 18.hxg4 b4 19.De2 bxc3 20.bxc3 Ca5 21.g3 Cb3 22.
Fxb3 Txb3 23.c4 Teb8 24.Rg2 Tb1 25.Txb1 Txb1 26.Th1 f6 27.Cd5 Fxd5 28.exd5
g6 29.Fb2 1/2-1/2